000 00444nam a2200181Ia 4500
005 20250423100505.0
008 250422s9999 xx 000 0 und d
020 _a9781845647582
050 _aTN 870.5 .K46/
100 _aKhoshnaw, Fuad M.
245 0 _aPetroleum and mineral resources
260 _aSouthampton
260 _bWIT Press
260 _c2013
300 _a305 p
650 _aPetroleum and mineral resources
942 _cBK
999 _c33467
_d33467